[Event "GoAudit Open 2023"]
[Site "Copenhagen"]
[Date "2023.11.12"]
[Round "7.4"]
[White "Skonnord, Uno"]
[Black "Kopylov, Daniel"]
[Result "0-1"]
[WhiteElo "2233"]
[BlackElo "2342"]
[PlyCount "98"]
[EventDate "2023.11.10"]
[EventType "swiss"]
[EventRounds "7"]
[EventCountry "DEN"]
[SourceTitle "Live v. Kasper Jerwiarz"]

1. e4 c5 2. Nc3 Nc6 3. Bb5 Nd4 4. Nf3 a6 5. Bd3 Nc6 6. Nd5 d6 7. c3 g6 8. O-O
Bg7 9. Bc2 Bg4 10. h3 Bxf3 11. Qxf3 e6 12. Ne3 Nge7 13. d3 O-O 14. Qg3 d5 15.
Ng4 h5 16. Nh2 b5 17. Be3 d4 18. cxd4 Nxd4 19. Bd1 a5 20. Rc1 Rc8 21. f4 Ndf5
22. exf5 Nxf5 23. Qf3 Nxe3 24. Re1 Bxb2 25. Rb1 Nxd1 26. Rbxd1 Qd5 27. Qg3 Qxa2
28. Kh1 Bg7 29. Nf3 Qd5 30. Ng5 Qf5 31. Ne4 Rfd8 32. Qf3 e5 33. Rf1 exf4 34.
Kh2 a4 35. Qe2 Be5 36. Kh1 Rd4 37. Rde1 Bg7 38. Rf3 a3 39. Ref1 Ra8 40. Rxf4
Qxf4 41. Rxf4 a2 42. Rf1 a1=Q 43. Rxa1 Rxa1+ 44. Kh2 Be5+ 45. Ng3 Bd6 46. Qb2
Rd1 47. Qe2 R4xd3 48. h4 Bxg3+ 49. Kh3 Rh1# 0-1

[Event "GoAudit Open 2023"]
[Site "Copenhagen"]
[Date "2023.11.12"]
[Round "7.5"]
[White "Schmidt, Kristen"]
[Black "Sorensen, Reto Utiger"]
[Result "1-0"]
[WhiteElo "2272"]
[BlackElo "2060"]
[PlyCount "79"]
[EventDate "2023.11.10"]
[EventType "swiss"]
[EventRounds "7"]
[EventCountry "DEN"]
[SourceTitle "Live v. Kasper Jerwiarz"]

1. e4 e5 2. Nf3 Nc6 3. Bc4 Bc5 4. O-O Nf6 5. d4 Nxd4 6. Nxe5 O-O 7. Be3 d5 8.
exd5 b5 9. Bxd4 Bxd4 10. Qxd4 bxc4 11. Nc6 Qd6 12. h3 Bf5 13. Qxc4 Rfe8 14. Nc3
Bxc2 15. Rfe1 h6 16. Nd4 Qf4 17. Nce2 Rxe2 18. Rxe2 Bg6 19. Rc1 Nxd5 20. g3 Qg5
21. h4 Qh5 22. Rce1 Nf6 23. Nc6 Kh8 24. Re7 Qf5 25. Ne5 Bh5 26. Nxf7+ Kh7 27.
Ne5 Rd8 28. g4 Nxg4 29. Nxg4 Bxg4 30. Qe4 Rd2 31. Qxf5+ Bxf5 32. Rxc7 Rxb2 33.
Rxa7 Kg6 34. h5+ Kxh5 35. Rxg7 Kh4 36. Kg2 Bh3+ 37. Kf3 Rxa2 38. Re4+ Kh5 39.
Kg3 Bg4 40. Re5+ 1-0

[Event "GoAudit Open 2023"]
[Site "Copenhagen"]
[Date "2023.11.12"]
[Round "7.6"]
[White "Laursen, Niels Norskov"]
[Black "Hoi, Carsten"]
[Result "1/2-1/2"]
[WhiteElo "2166"]
[BlackElo "2307"]
[PlyCount "65"]
[EventDate "2023.11.10"]
[EventType "swiss"]
[EventRounds "7"]
[EventCountry "DEN"]
[SourceTitle "Live v. Kasper Jerwiarz"]

1. e4 g6 2. d4 Bg7 3. Nf3 d6 4. Bc4 Nc6 5. O-O Nf6 6. Qe2 Bg4 7. Rd1 e5 8. c3
Qe7 9. d5 Nb8 10. Bb5+ c6 11. dxc6 bxc6 12. Ba4 O-O 13. h3 Be6 14. Bg5 Qc7 15.
Bb3 Nbd7 16. Na3 Nc5 17. Bxf6 Bxf6 18. Bxe6 Nxe6 19. Nc4 Rad8 20. Rd2 Nf4 21.
Qe3 Rfe8 22. g3 d5 23. gxf4 exf4 24. Qc5 Rxe4 25. Na5 Be7 26. Qxc6 Qxa5 27. b4
Qa3 28. Nd4 f3 29. Rad1 Rd6 30. Qc8+ Rd8 31. Qc6 Rd6 32. Qc8+ Rd8 33. Qc6
1/2-1/2

[Event "GoAudit Open 2023"]
[Site "Copenhagen"]
[Date "2023.11.12"]
[Round "7.7"]
[White "Andries, Alf"]
[Black "Pedersen, Daniel Vesterbaek"]
[Result "1/2-1/2"]
[WhiteElo "2031"]
[BlackElo "2191"]
[PlyCount "55"]
[EventDate "2023.11.10"]
[EventType "swiss"]
[EventRounds "7"]
[EventCountry "DEN"]
[SourceTitle "Live v. Kasper Jerwiarz"]

1. e4 c5 2. Nf3 d6 3. d4 cxd4 4. Nxd4 Nf6 5. Nc3 a6 6. h3 e5 7. Nde2 h5 8. Bg5
Be6 9. g3 Nbd7 10. a4 Be7 11. Bg2 O-O 12. b3 Ne8 13. Be3 Bg5 14. Qd2 Bxe3 15.
Qxe3 Qb6 16. Qxb6 Nxb6 17. O-O-O a5 18. f4 Bd7 19. fxe5 dxe5 20. Nd5 Nxd5 21.
Rxd5 Nf6 22. Rxe5 Rfe8 23. Rxe8+ Rxe8 24. Nc3 Bc6 25. Re1 Nd7 26. Rd1 Nc5 27.
Rd4 f5 28. Kd2 1/2-1/2

[Event "GoAudit Open 2023"]
[Site "Copenhagen"]
[Date "2023.11.12"]
[Round "7.8"]
[White "Dalsberg, Sandra de Blecourt"]
[Black "Falkesgaard, Jeppe Hald"]
[Result "0-1"]
[WhiteElo "2028"]
[BlackElo "2181"]
[PlyCount "68"]
[EventDate "2023.11.10"]
[EventType "swiss"]
[EventRounds "7"]
[EventCountry "DEN"]
[SourceTitle "Live v. Kasper Jerwiarz"]

1. d4 d5 2. c4 c6 3. cxd5 cxd5 4. Bf4 Nc6 5. e3 Nf6 6. Bd3 a6 7. Nc3 Bg4 8.
Nge2 e6 9. O-O Bd6 10. f3 Bh5 11. Rc1 Bg6 12. Na4 Bxf4 13. Nxf4 Nd7 14. Nc5
Nxc5 15. Rxc5 O-O 16. Nxg6 hxg6 17. Qd2 Qd6 18. Rfc1 Rfe8 19. f4 g5 20. fxg5 g6
21. Rf1 e5 22. Rf6 Re6 23. Qf2 Rae8 24. Rxf7 exd4 25. Rxb7 Rf8 26. Qh4 Re7 27.
Rxe7 Qxe7 28. Rxc6 Qxe3+ 29. Kh1 Qxd3 30. h3 Qe4 31. Qxe4 dxe4 32. Rxg6+ Kh7
33. Rf6 Rxf6 34. gxf6 d3 0-1

[Event "GoAudit Open 2023"]
[Site "Copenhagen"]
[Date "2023.11.12"]
[Round "7.9"]
[White "Petersen, Peter Birk"]
[Black "Gregor, Bjarke"]
[Result "0-1"]
[WhiteElo "2146"]
[BlackElo "2163"]
[PlyCount "98"]
[EventDate "2023.11.10"]
[EventType "swiss"]
[EventRounds "7"]
[EventCountry "DEN"]
[SourceTitle "Live v. Kasper Jerwiarz"]

1. e4 c5 2. Nf3 d6 3. d4 cxd4 4. Nxd4 Nf6 5. Nc3 a6 6. h3 e5 7. Nde2 h5 8. Bg5
Be6 9. Bxf6 Qxf6 10. Nd5 Qd8 11. Nec3 g6 12. Be2 Bh6 13. O-O Nc6 14. Qd3 O-O
15. Rad1 Rc8 16. a3 Nd4 17. Rde1 f5 18. Bd1 f4 19. Ne2 Bxd5 20. exd5 Nf5 21.
Nc3 Kg7 22. Ne4 Qd7 23. Kh2 b5 24. c3 Rf7 25. Be2 Rcf8 26. Ra1 Nh4 27. Bd1 Nxg2
28. Kxg2 f3+ 29. Kh2 Rf4 30. Rg1 Rh4 31. Rg3 Bf4 32. Kg1 Bxg3 33. Nxg3 Qxh3 34.
Bxf3 Qh2+ 35. Kf1 Rhf4 36. Ke2 Rxf3 37. Qxf3 Rxf3 38. Kxf3 Qh4 39. Rg1 Qf4+ 40.
Ke2 Kf6 41. f3 Qc4+ 42. Kf2 Qc5+ 43. Kf1 Qxd5 44. Ne4+ Kg7 45. Ke2 Qc4+ 46. Kd2
d5 47. Nd6 Qf4+ 48. Ke2 Qh2+ 49. Kf1 Qxb2 0-1

[Event "GoAudit Open 2023"]
[Site "Copenhagen"]
[Date "2023.11.12"]
[Round "7.10"]
[White "Fredericia, Louise Winther"]
[Black "Ostergaard, Jens"]
[Result "1-0"]
[WhiteElo "1990"]
[BlackElo "2285"]
[PlyCount "167"]
[EventDate "2023.11.10"]
[EventType "swiss"]
[EventRounds "7"]
[EventCountry "DEN"]
[SourceTitle "Live v. Kasper Jerwiarz"]

1. e4 c5 2. Nc3 Nc6 3. Bb5 g6 4. Bxc6 dxc6 5. d3 Bg7 6. f4 Nf6 7. Nf3 O-O 8.
O-O b6 9. Qe1 Bg4 10. Qh4 Bxf3 11. Rxf3 h5 12. Bd2 Qd4+ 13. Kh1 e6 14. Raf1 Ng4
15. h3 Nh6 16. g4 hxg4 17. hxg4 f5 18. gxf5 exf5 19. Rg1 Ng4 20. exf5 gxf5 21.
Ne4 Qd8 22. Ng5 Rf6 23. Qh7+ Kf8 24. Bc3 Rh6+ 25. Qxh6 Bxh6 26. Ne6+ Kf7 27.
Nxd8+ Rxd8 28. Re1 Bf8 29. Re2 Bd6 30. Kg2 Rg8 31. Kf1 Rg6 32. Be5 Bxe5 33.
fxe5 Ke6 34. c3 Rh6 35. Ke1 Rh1+ 36. Kd2 a5 37. Kc2 Rh4 38. d4 c4 39. b3 b5 40.
bxc4 bxc4 41. Kb2 Nh2 42. Rg3 Ng4 43. Reg2 Kd5 44. Ka3 c5 45. dxc5 Nxe5 46. Rg5
Rf4 47. Re2 Nd3 48. Ka4 Nxc5+ 49. Kxa5 Ne4 50. Rg8 Rf3 51. Rd8+ Kc5 52. Rc8+
Kd5 53. Kb4 Nxc3 54. Rd2+ Ke5 55. Rxc4 Ne4 56. Rd8 Rf1 57. a4 Rb1+ 58. Ka3 Ra1+
59. Kb2 Rh1 60. a5 Nd6 61. Rc5+ Kd4 62. Rxf5 Ke4 63. Rxd6 Kxf5 64. Kc3 Ke5 65.
Rd8 Ke6 66. Kb4 Ke7 67. Rd3 Rb1+ 68. Kc5 Ra1 69. Kb6 Rb1+ 70. Ka7 Rb5 71. a6
Rb1 72. Ka8 Rb6 73. a7 Rb1 74. Rh3 Kd7 75. Rh7+ Kc6 76. Rh8 Ra1 77. Kb8 Rb1+
78. Kc8 Ra1 79. Rh6+ Kc5 80. Kb8 Rb1+ 81. Kc7 Ra1 82. Rh5+ Kc4 83. Kb6 Rb1+ 84.
Ka6 1-0

[Event "GoAudit Open 2023"]
[Site "Copenhagen"]
[Date "2023.11.12"]
[Round "7.11"]
[White "Wehding, Anton Bonsvig"]
[Black "Christensen, Janus"]
[Result "1/2-1/2"]
[WhiteElo "1923"]
[BlackElo "2140"]
[PlyCount "80"]
[EventDate "2023.11.10"]
[EventType "swiss"]
[EventRounds "7"]
[EventCountry "DEN"]
[SourceTitle "Live v. Kasper Jerwiarz"]

1. Nf3 d5 2. d4 Nf6 3. c4 e6 4. Nc3 Be7 5. Bg5 O-O 6. e3 Nbd7 7. Be2 Ne4 8.
Bxe7 Qxe7 9. cxd5 Nxc3 10. bxc3 exd5 11. O-O Nf6 12. Rb1 c6 13. h3 Ne4 14. Qc2
b5 15. Bd3 f5 16. Ne5 Rf6 17. a4 a6 18. f3 Nc5 19. axb5 Nxd3 20. Qxd3 cxb5 21.
Ra1 Bb7 22. Rfb1 Rc8 23. Rb3 Rcf8 24. Rab1 Kh8 25. Qd2 Bc8 26. Re1 Rh6 27. e4
dxe4 28. fxe4 fxe4 29. Rxe4 Qf6 30. Rb2 Qf1+ 31. Kh2 Bxh3 32. Nf7+ Rxf7 33.
Re8+ Rf8 34. Rxf8+ Qxf8 35. gxh3 Qd6+ 36. Kg2 Rg6+ 37. Kf1 Qg3 38. Qg2 Qf4+ 39.
Qf2 Qc1+ 40. Qe1 Rg1+ 1/2-1/2

[Event "GoAudit Open 2023"]
[Site "Copenhagen"]
[Date "2023.11.12"]
[Round "7.12"]
[White "Moller, Silas Ingemann"]
[Black "Guindy, Esmat Susanne"]
[Result "0-1"]
[WhiteElo "1788"]
[BlackElo "2014"]
[PlyCount "112"]
[EventDate "2023.11.10"]
[EventType "swiss"]
[EventRounds "7"]
[EventCountry "DEN"]
[SourceTitle "Live v. Kasper Jerwiarz"]

1. d4 d5 2. c4 e6 3. Nc3 Nf6 4. cxd5 exd5 5. Bg5 c6 6. e3 Bf5 7. Qf3 Bg6 8.
Bxf6 Qxf6 9. Qxf6 gxf6 10. h4 h5 11. Nh3 Nd7 12. Nf4 Bd6 13. Nxg6 fxg6 14. Bd3
Kf7 15. O-O Rhe8 16. e4 dxe4 17. Bxe4 Bb4 18. Bf3 Nb6 19. a3 Bxc3 20. bxc3 Rad8
21. a4 Nc4 22. Rfd1 Re7 23. a5 a6 24. Kf1 Rde8 25. d5 Ne5 26. dxc6 Nxf3 27.
gxf3 bxc6 28. Rdb1 c5 29. Rb6 Re6 30. Rab1 g5 31. Rxe6 Rxe6 32. Rb7+ Re7 33.
Rb6 Re6 34. c4 gxh4 35. Kg2 Ke7 36. Rb7+ Kd6 37. Rh7 Ke5 38. Rxh5+ Kd4 39.
Rxh4+ Kc3 40. Kg3 Rd6 41. Re4 Kb4 42. f4 f5 43. Re5 Rg6+ 44. Kf3 Rf6 45. Ke2
Kxc4 46. Kd2 Kb4 47. Kc2 Kc4 48. Re8 Rh6 49. Re5 Rh2 50. Rxf5 Rxf2+ 51. Kc1 Kb4
52. Rf8 Kb3 53. f5 c4 54. Rb8+ Kc3 55. Kd1 Rxf5 56. Rb1 Rf1+ 0-1